Estrutura e reactividade molecular (Registo nº 199860)
[ vista simples ]
| 000 -Etiqueta do registo | |
|---|---|
| Valores | 00795nam 22002173 4500 |
| 021 ## - Número do Depósito Legal | |
| Código do país | Portugal |
| Número | 12531/86 |
| 100 ## - Dados gerais de processamento | |
| Dados gerais | 20260113d u||y0pory50 ba |
| 200 ## - Titulo e menção de responsabilidade | |
| Título próprio | Estrutura e reactividade molecular |
| Informação de outro título | uma introdução com base no modelo da caixa de potencial |
| Primeira menção de responsabilidade | S. J. Formosinho, A. J. C. Varandas |
| 210 ## - Publicação | |
| Local de publicação | Lisboa |
| Nome do editor | Fundação Calouste Gulbenkian |
| Data de publicação | imp. 1986 |
| 215 ## - Descrição física | |
| Paginação / Volumes | VIII, 173, [4] p. |
| Outras indicações físicas | il. ; brochado |
| Dimensões | 23 cm |
| 225 ## - Colecção | |
| Título próprio da colecção | Manuais universitários |
| 606 ## - Nome comum usado como assunto | |
| ID Autoridade | 8728 |
| Palavra de ordem | Ciências Puras- Física |
| 610 ## - Termos não controlados | |
| Palavra de ordem | Propriedades e estruturas dos sistemas moleculares |
| 675 ## - CDU | |
| Notação | 539.2 |
| Edição | PT |
| Língua | por |
| 700 ## - Autor principal (pessoa individual) | |
| ID Autoridade | 12655 |
| Apelido | Formosinho |
| Nome | Sebastião J. |
| Datas | 1943-2016 |
| 701 ## - Co-autor principal (pessoa individual) | |
| ID Autoridade | 15682 |
| Apelido | Varandas |
| Nome | A. J. C. |
| Datas | 1947- |
| 801 ## - Fonte de origem | |
| País | PT |
| Agência | BMMN |
| Regras de catalogação | RPC |
| 830 ## - Notas gerais do catalogador | |
| Criado por | Ana |
| Indexado por | Ana |
| 990 ## - Elementos KOHA | |
| Tipo de documento | Livro |
| Situação do levantamento | Biblioteca de origem | Código de barras | Cota | Permissão de empréstimo | Tipo de documento | Forma de aquisição |
|---|---|---|---|---|---|---|
| Biblioteca Municipal de Montemor-o-Novo | 28896 | 54 FOR|DEP | Livro | Compra |